000 01027pam a2200289 a 4500
999 _c332162
_d332162
001 2315470
003 NUST
005 20171116095927.0
008 811110s1982 flua b 001 0 eng
010 _a 81018021
020 _a084935613X (v. 1)
020 _a0849356148 (v. 2)
040 _aDLC
_cDLC
_dDLC
050 0 0 _aTD794.5
_b.R455 1982
082 0 0 _a628.445 DIA
_219
245 0 0 _aResource recovery from municipal solid wastes / Vol-1-2
_cauthors, Luis F. Diaz, George M. Savage, Clarence G. Golueke.
260 _aBoca Raton, Fla. :
_bCRC Press,
_cc1982.
300 _a1-2 v. :
_bill. ;
_c26 cm.
500 _aH.B
504 _aIncludes bibliographical references and indexes.
505 0 _av. 1. Primary processing -- v. 2. Final processing.
650 0 _aRecycling (Waste, etc.)
_96422
650 0 _aRefuse and refuse disposal.
_94787
700 1 _aDiaz, Luis F.
_96423
700 1 _aSavage, George M.,
_d1948-
_96424
700 1 _aGolueke, Clarence G.,
_d1917-
_96425
906 _a7
_bcbc
_corignew
_d1
_eocip
_f19
_gy-gencatlg
942 _2ddc
_cBK
_kIESE